1701 1291 1280 1725 1778 1155 1871 1060 1504 1802 1475 1057 1303 1270 1906 1084 1610 1582 1509 1654 1239 1561 1199 1077 1036 1195 1700 1211 1351 1212 1107 1863 1673 1607 1751 1469 1068 1099 1650 1971 1056 1198 1419 1759 1892 1025 1269 1716 1332 1124 1583 1071 1622 1919 1348 1959 1055 1161 1567 1244 1892 1456 1157 1103 1494 1572 1820 1728 1815 1714 1536 1567 1829 1065 1648 1854 1579 1701 1482 1225 1031 1052 1440 1293 1427 1417 1680 1555 1713 1905 1930 1902 1068 1245 1407 1527 1268 1290 1360 BCNSPRNW ULIB Ver.6.0+V

เปลี่ยนเป็นภาษาไทย

Change to English
 แสดงรายละเอียดบรรณานุกรม
  กลับหน้าหลัก

Brief Record : Get Marc (ISO 2709) : E-mail record : QR code < ปิดหน้าต่าง
LEADER : 00000nam 2200000uu 4500
001    13399128412
003     ULIB
008    230815s2565||||th 000 0 tha d
020    ^a9789740340942
060 04 ^aQZ4^bศ169พ
100 0  ^aศราวุธ ปาลิโภชน์
245 10 ^aพยาธิวิทยาพื้นฐาน :^bสำหรับนักศึกษาหลักสูตรวิทยาศาสตร์สุขภาพ = Basicpathology : for health science students /^cศราวุธ ปาลิโภชน์
246 31 ^aBasic pathology :^bfor health science students
250    ^aพิมพ์ครั้งที่ 1
260    ^aกรุงเทพฯ :^bสำนักพิมพ์จุฬาลงกรณ์มหาวิทยาลัย,^c2565
300    ^aก-จ, 218 หน้า :^bภาพประกอบ ;^c27 ซม.
504    ^aมีบรรณานุกรมและดัชนี
505 2  ^aการปรับตัว การบาดเจ็บ และการตายของเซลล์ --การอักแสบเฉียบพลันและเรื้อรัง -- การซ่อมแซมเนื้อเยื่อ --ความผิดปกติของระบบไหลเวียนเลือด -- พยาธิวิทยาของเนื้องอกและมะเร็ง -- การบาดเจ็บจากปัจจัยทางกายภาพและพยาธิวิทยาสิ่งแวดล้อม --พยาธิวิทยาพื้นฐานของโรคติดเชื้อ
591    ^aLIRV มีพิมพ์ครั้งที่ 2 พ.ศ. 2565
650  2 ^aPathology
650  4 ^aพยาธิวิทยา
945    ^p380^l0^i010119
945    ^p380^l0^i010120
999    ^aประนอม เกษจรัล
รายการนี้ยังไม่มีแท็ก
คุณยังไม่ได้ล็อกอิน คุณสามารถมีกิจกรรมร่วมกับเว็บไซต์ได้ แต่ต้องล็อกอินก่อน ::
  ล็อกอิน

รายการสื่อสารสนเทศ

ลำดับที่ ประเภท เลขเรียก/บาร์โค้ด สถานที่ สถานะ
1. วิทยาศาสตร์การแพทย์ และสุขภาพ
หนังสือสำรอง
สถานะ=หนังสือสำรอง
QZ4 ศ169พ ฉ.1 
  Barcode: 010119
ห้องสมุดวิทยาเขตสวรรค์ประชารักษ์
►หนังสือทั่วไป
ถูกยืม กำหนดส่งวันที่ 15 พฤษภาคม 2569
  จอง
2. วิทยาศาสตร์การแพทย์ และสุขภาพ
วิทยาศาสตร์การแพทย์ และสุขภาพ
QZ4 ศ169พ ฉ.2 
  Barcode: 010120
ห้องสมุดวิทยาเขตสวรรค์ประชารักษ์
►หนังสือทั่วไป
บนชั้น

รายการใกล้เคียง
    ผู้แต่ง [ศราวุธ ปาลิโภชน์]

    หัวเรื่อง [Pathology]
    หัวเรื่อง [พยาธิวิทยา]

BibComment


ยังไม่เคยถูกคอมเมนท์

คอมเมนท์ทรัพยากรรายการนี้
  คอมเมนท์: พยาธิวิทยาพื้นฐา..


 Copyright 2026. Bcnsprnw @Library